000 00454nam a2200157 a 4500
001 000041434
005 20201002034903.0
008 131004s1989 cu a 000 0 spa d
040 _aDO-SdBNP
_bspa
_cBNPHU
082 _axxxx
_bxxxx
100 1 _aDepestre Catony, Leonardo
_99704
245 1 0 _aHomenaje a la música popular cubana.
260 _aSantiago de Cuba :
_bOriente,
_c1989.
300 _a107 p. :
_bil. ;
_c19 cm.
504 _aBibliografía p: 106
999 _c40924
_d40924